| 000 | 00693nam a2200205Ii 4500 | ||
|---|---|---|---|
| 003 | JO-AjNU | ||
| 008 | 230605s9999||||xx |||||||||||||| ||und|| | ||
| 017 | _a1981/997 | ||
| 040 |
_aJO-AjNU _bara _erda _cJO-AjNU |
||
| 041 | _aara | ||
| 050 | 1 | 4 | _aPN1655.K42 1981 |
| 100 | 3 |
_aتأليف الخطيب،إبراهيم ؛ جعفر السعدي ؛ عوني كرومي, _eauthor _917294 |
|
| 245 | 0 | 0 | _aفن التمثيل |
| 264 | 3 | 1 | _aبغداد: وزارة التعليم العالي والبحث العلمي، 1981 |
| 300 | _a128ص | ||
| 336 |
_atext _btxt _2rdacontent |
||
| 337 |
_aunmediated _bn _2rdamedia |
||
| 338 |
_avolume _bnc _2rdacarrier |
||
| 650 | 4 |
_aالفن - تمثيل _917295 |
|
| 999 |
_aA5312 _c8880 _d8880 |
||